000 00676nam a22001817a 4500
003 UA-OsUOA
001 19680
007 ta
008 20040914b un ||||| |||| 00| 0 ukr d
100 _aТарасюк Д.
942 _cSA
040 _aUA-OsUOA
_cUA-OsUOA
_dUA-OsUOA
245 _aСеред лауреатів[13- го укр. фест. дит., молодіж. кіно та телебачення "Кришталеві джерела"] - радіожурналісти області
300 _aС.4
955 _a0
773 0 _w0
_tВісті Рівненщини
_dРівне
_d2004
_g№84/10 верес./
650 7 _aКраєзнавча робота
_2UDC
999 _c305851
_d305851